000 00626nam a2200253Ia 4500
008 160803s9999 xx 000 0 und d
020 _a9780439217897
100 _aCrimi, Carolyn
245 _aDon't need friends /
245 _cCarolyn Crimi ; illustrated by Lynn Munsinger.
260 _aNew York :
260 _bScholastic Inc.
260 _c2001
300 _a1 volume (unpaged) :
300 _bcolor illustrations ;
300 _c28 cm
650 _aDogs --
650 _aFriendship --
650 _aRats --
650 _xFiction.
650 _xStories.
650 _xStories.
700 _a290
999 _c299019
_d299019